|
|
|
|
| LEADER |
01209nam a2200241 a 4500 |
| 001 |
GR-MES593 |
| 008 |
991111s1994 gr 001 0 gre|c |
| 040 |
|
|
|a GrPaTEI
|b gre
|c GR-PaULI
|
| 100 |
1 |
|
|a Kulik, Robert Nichols.
|
| 240 |
1 |
0 |
|a PC learning labs teaches Word 6.0 for Windows.
|l Ελληνικά
|
| 245 |
1 |
3 |
|a Το Word 6.0 για Windows σε απλά μαθήματα /
|c Robert Nickols Kulik και Richard P. Scott ; απόδοση Γιάννης Β. Σαμαράς.
|
| 260 |
|
|
|a Αθήνα :
|b Β. Γκιούρδας,
|c 1994.
|
| 300 |
|
|
|a xxix, 390 σ. ;
|c 24 εκ. +
|e 1 δισκέτα.
|
| 500 |
|
|
|a Μετάφραση του: PC learning labs teaches Word 6.0 for Windows.
|
| 500 |
|
|
|a Περιλαμβάνει ευρετήριο.
|
| 630 |
0 |
0 |
|a Microsoft Word.
|
| 650 |
|
0 |
|a Word processing.
|
| 700 |
1 |
|
|a Scott, Richard P.
|e συγγραφέας.
|
| 700 |
1 |
|
|a Σαμαράς, Γιάννης Β.
|e μεταφραστής.
|
| 942 |
|
|
|2 ddc
|
| 952 |
|
|
|0 0
|1 0
|2 ddc
|4 0
|6 005_300000000000000_KUL
|7 0
|9 263884
|a MSLG
|b MSLG
|c BSC
|d 2021-01-17
|e 24
|f 0
|g 0.00
|l 0
|o 005.3 KUL
|p 2420000006932
|r 2021-01-17 00:00:00
|t 1
|w 2021-01-17
|y BK15
|x 19991111 0 1
|x GrPaTEI
|
| 971 |
|
|
|a .b25716347
|b 15-04-20
|c 13-09-16
|
| 999 |
|
|
|c 151933
|d 151933
|